000 00422cam a2200157ua 4500
003 OSt
008 250325b |||||||| |||| 00| 0 eng d
041 _aeng
082 _a621.901
_bGRI/EN
100 _aGrisbrook, H .
_97334
245 _aPictorial Guide to Engineering workshop practice /
260 _aLondon :
_bRoutledge & Kegan Paul Ltd ,
_c1943.
300 _a91 ; .
700 1 _aPhillipson, C .
_97335
942 _cBK
999 _c752
_d752